00791nam a2200229Ia 4500001000600000003000500006008004100011010001100052040000900063082001600072100003600088245010500124260007300229300001100302440006500313500000500378503000500383650002600388650002700414650008600441650003400527Z_247CHAP220113s1989 xx 000 0 und d a163221 cCHAP a630.9727 P3 aParra Vázquez, Manuel Roberto aEl subdesarrollo agrícola en los altos de Chiapas /cpor Manuel Roberto Parra Vázquez [y otros] aChapingo, Méx. :bUACH. Dirección de Difusión Cultural,c1989 a405 p. aColeccción Cuadernos universitarios. Serie agronomía; 18 a a aAgriculturaxChiapas  aGanado lanarxChiapas  aIndustrias textilesxChiapas I. UACH. Subdirección de Centros Regionales II. t. aRecursos forestalesxChiapas